CATIA v procese designu, návrhu a výroby v letectve

Využitie systému CATIA v praxi. Popis základných aplikácií.

Guardado en:
Detalles Bibliográficos
Autor principal: Daneshjo, Naqibullah, 1964-
Otros Autores: Korba, Peter, Eldojali, Mohamed Ali M., Stratyinski, Cristian Dan, Kohla, Andreas
Formato: Capítulo de libro
Lenguaje:eslovaco
Materias:
Etiquetas: Agregar Etiqueta
Sin Etiquetas, Sea el primero en etiquetar este registro!

MARC

LEADER 00000naa$a2200000$$$4500
001 0270360
005 20240502074233.3
041 0 |a slo 
044 |a SK 
245 1 0 |a CATIA v procese designu, návrhu a výroby v letectve  |c Naqibullah Daneshjo, Peter Korba, Mohamed Ali M. Eldojali, Cristian Dan Stratyinski, Andreas Kohla 
520 |a Využitie systému CATIA v praxi. Popis základných aplikácií. 
610 2 0 |a dizajn 
610 2 0 |a výroba 
610 2 0 |a priemysel letecký 
610 2 0 |a systém 
100 1 |a Daneshjo, Naqibullah, 1964- 
700 1 |a Korba, Peter 
700 1 |a Eldojali, Mohamed Ali M. 
700 1 |a Stratyinski, Cristian Dan 
700 1 |a Kohla, Andreas